Can You Name the Top 50 Tallest Defunct Coasters? - Statistics

General Stats
  • This quiz has been taken 18 times
  • The average score is 7 of 50
Answer Stats
Year Closed Coaster % Correct
2009 Son of Beast
100%
2002 Shockwave
45%
2017 Boomerang
36%
1986 Boomerang
36%
2014 Colossus
36%
2016 Mean Streak
36%
2012 Rattler
36%
2019 Goliath
27%
2010 Great American Scream Machine
27%
2007 Hypersonic XLC
27%
2009 Texas Giant
27%
2019 Vortex
27%
2014 Cyclone
18%
2018 Firehawk
18%
2011 Speed the Ride
18%
2018 Volcano the Blast Coaster
18%
2021 Wicked Twister
18%
2007 Batman and Robin The Chiller
9%
2009 Chang
9%
2007 Deja Vu
9%
2011 Deja Vu
9%
2007 Deja Vu
9%
1998 Drachen Fire
9%
2017 Dragon Challenge
9%
2003 Orient Express
9%
2001 Viper
9%
2004 Zonga
9%
2011 Zoomerang
9%
2007 Dominator
0%
2002 Greased Lightnin
0%
2005 Greezed Lightnin
0%
2009 Greezed Lightnin
0%
2007 Head Spin
0%
2010 Invertigo
0%
1991 Kamikaze
0%
1986 King Kobra
0%
1989 King Kobra
0%
1946 Lake Placid Bobsled
0%
2003 Stealth
0%
2006 Steel Venom
0%
2017 Stinger
0%
2000 Texas Tornado
0%
1991 Tidal Wave
0%
2009 Time Machine
0%
2014 Tsunami
0%
2007 Two Face the Flip Side
0%
1999 Vampire
0%
1988 White Lightnin
0%
? Wiener Looping
0%
2006 X Flight
0%
No matching quizzes found
Score Distribution
Percent of People with Each Score
Percentile by Number Answered
Your Score History
You have not taken this quiz